[Event "CAN-ch U14"]
[Site "Victoria"]
[Date "2009.07.21"]
[Round "2"]
[White "Itkin, David"]
[Black "Sorko, Nicholas"]
[Result "1-0"]
[WhiteElo "1819"]
[BlackElo "1432"]
[PlyCount "79"]
[EventDate "2009.07.21"]
[EventType "swiss"]
[EventRounds "8"]
[EventCountry "CAN"]
[SourceTitle "EXT 2011"]
[Source "ChessBase"]
[SourceDate "2010.11.26"]
[SourceVersion "1"]
[SourceVersionDate "2010.11.26"]
[SourceQuality "1"]

1. e4 e5 2. d4 exd4 3. Qxd4 Nc6 4. Qe3 d6 5. Nc3 Nf6 6. Bc4 Be7 7. Bd2 Ne5 8. Bb3 c5 9. f4 Ned7 10. 0-0-0 Nb6 11. Qe2 Qc7 12. a3 Bd7 13. e5 dxe5 14. fxe5 Ng4 15. e6 Bxe6 16. Bxe6 fxe6 17. Qxg4 Qe5 18. Re1 Qf6 19. Rxe6 Qf7 20. Bg5 Nc8 21. Qa4+ Kf8 22. Bxe7+ Nxe7 23. Re3 Kg8 24. Nf3 h6 25. Ne5 Qf6 26. Qc4+ Kh7 27. Rf1 Qg5 28. Qe4+ Ng6 29. Nxg6 Qxg6 30. Qxg6+ Kxg6 31. Rg3+ Kh7 32. Rf7 Rhg8 33. Ne4 Kh8 34. Rg6 Raf8 35. Rxb7 a5 36. g4 Rf4 37. Re7 Rf3 38. g5 hxg5 39. Nxg5 Rf5 40. Rh6+ 1-0